Las palabras que debo decir : (Record no. 22658)

000 -CABECERA
campo de control de longitud fija 01478nam a2200385 i 4500
001 - NÚMERO DE CONTROL
campo de control C00609977
003 - IDENTIFICADOR DEL NÚMERO DE CONTROL
campo de control OSt
005 - FECHA Y HORA DE LA ÚLTIMA TRANSACCIÓN
campo de control 20230103094349.0
007 - CAMPO FIJO DE DESCRIPCIÓN FÍSICA--INFORMACIÓN GENERAL
campo de control de longitud fija ta
008 - DATOS DE LONGITUD FIJA--INFORMACIÓN GENERAL
campo de control de longitud fija 220803s2021 pe gr 000 0 spa
017 ## - NÚMERO DE COPYRIGHT O DE DEPÓSITO LEGAL
Número de copyright o de depósito legal 2021-05532
020 ## - NÚMERO INTERNACIONAL ESTÁNDAR DEL LIBRO
Número Internacional Estándar del Libro 9786124788147
040 ## - FUENTE DE LA CATALOGACIÓN
Centro catalogador/agencia de origen pelibn
Lengua de catalogación spa
Normas de descripción rda
Centro/agencia transcriptor pelibn
041 ## - CÓDIGO DE LENGUA
Código de lengua del texto/banda sonora o título independiente spa
082 04 - NÚMERO DE LA CLASIFICACIÓN DECIMAL DEWEY
Número de clasificación 808.00141/H83
Notación interna H83
100 1# - ENTRADA PRINCIPAL--NOMBRE DE PERSONA
Nombre de persona Huamán, Miguel Ángel,
Fechas asociadas al nombre 1954-,
Término indicativo de función/relación autor.
9 (RLIN) 48806
245 14 - MENCIÓN DE TÍTULO
Título Las palabras que debo decir :
Resto del título ensayo sobre las imágenes de nuestra identidad nacional /
Mención de responsabilidad, etc. Miguel Ángel Huamán Villavicencio.
250 ## - MENCIÓN DE EDICIÓN
Mención de edición Primera edición.
264 31 - PRODUCCIÓN, PUBLICACIÓN, DISTRIBUCIÓN, FABRICACIÓN Y COPYRIGHT
Producción, publicación, distribución, fabricación y copyright Lima :
Nombre del de productor, editor, distribuidor, fabricante Dedo Crítico Editores ;
Producción, publicación, distribución, fabricación y copyright Arequipa :
Nombre del de productor, editor, distribuidor, fabricante Editorial Apóstrofe,
Fecha de producción, publicación, distribución, fabricación o copyright 2021.
264 33 - PRODUCCIÓN, PUBLICACIÓN, DISTRIBUCIÓN, FABRICACIÓN Y COPYRIGHT
Producción, publicación, distribución, fabricación y copyright Lima :
Nombre del de productor, editor, distribuidor, fabricante Mantaraya.
300 ## - DESCRIPCIÓN FÍSICA
Extensión 81 páginas ;
Dimensiones 21 cm.
336 ## - TIPO DE CONTENIDO
Término de tipo de contenido Texto
Fuente rdacontent
337 ## - TIPO DE MEDIO
Nombre/término del tipo de medio sin mediación
Fuente rdamedia
338 ## - TIPO DE SOPORTE
Nombre/término del tipo de soporte volumen
Fuente rdacarrier
504 ## - NOTA DE BIBLIOGRAFÍA, ETC.
Nota de bibliografía, etc. Incluye referencias bibliográficas.
650 18 - PUNTO DE ACCESO ADICIONAL DE MATERIA--TÉRMINO DE MATERIA
Término de materia o nombre geográfico como elemento de entrada Análisis del discurso literario
Subdivisión geográfica -Perú.
9 (RLIN) 48807
650 28 - PUNTO DE ACCESO ADICIONAL DE MATERIA--TÉRMINO DE MATERIA
Término de materia o nombre geográfico como elemento de entrada Análisis del discurso
Subdivisión general -Aspectos sociales
Subdivisión geográfica -Perú.
9 (RLIN) 48808
650 28 - PUNTO DE ACCESO ADICIONAL DE MATERIA--TÉRMINO DE MATERIA
Término de materia o nombre geográfico como elemento de entrada Identidad de grupo en la literatura.
9 (RLIN) 48809
650 28 - PUNTO DE ACCESO ADICIONAL DE MATERIA--TÉRMINO DE MATERIA
Término de materia o nombre geográfico como elemento de entrada Literatura peruana
Subdivisión general -Historia y crítica.
9 (RLIN) 48810
942 ## - ELEMENTOS DE PUNTO DE ACCESO ADICIONAL (KOHA)
Fuente del sistema de clasificación o colocación
Tipo de ítem Koha Libros-BMC
Holdings
Estado de retiro Estado de pérdida Fuente del sistema de clasificación o colocación Estado dañado No para préstamo Localización permanente Ubicación/localización actual Ubicación en estantería Fecha de adquisición Fuente de adquisición Coste, precio normal de compra Signatura topográfica completa Código de barras Fecha visto por última vez Precio válido a partir de Tipo de ítem Koha
          Sala Humanidades Sala Humanidades Book Cart 2023-01-03 Donación 10.00 808.00141/H83 SH0000016498 2023-01-03 2023-01-03 Libros-BMC

Powered by Koha